Monkey, Bear, or Gator? - Statistics

General Stats
  • This quiz has been taken 23 times
    13 since last reset
  • The average score is 12 of 15
Answer Stats
Question Answer % Correct
Gummy ? originated in Germany Bear
91%
Yellowstone National Park Bear
91%
Swamp Gator
91%
Green skin Gator
91%
Alli- Gator
91%
Difference between a crocodile Gator
91%
Loves bananas 🍌 Monkey
91%
People use this word to humiliate others Monkey
91%
Huckleberry is the animal's favorite fruit Bear
82%
Loves Honey Bear
82%
CHOMP! Gator
82%
Likely African savanna Monkey
82%
Southeast America Gator
73%
Texas to the Carolinas Gator
64%
Jandel is a Monkey
45%
No matching quizzes found
Score Distribution
Percent of People with Each Score
Percentile by Number Answered
Your Score History
You have not taken this quiz since the last reset